000 02933nam a22002657a 4500
003 NALT
005 20250531152708.0
008 240718b th ||||| |||| 00| 0 tha d
020 _a9789744969132
040 _aNALT
041 _atha
050 _aBQ 4570.S6
_bพ358พ 2554
100 0 _aพระมหาหรรษา ธมฺมหาโส
_918653
245 1 0 _aพุทธสันติวิธี :
_bการบูรณาการหลักการและเครื่องมือจัดการความขัดแย้ง /
_cพระมหาหรรษา ธมฺมหาโส (นิธิบุณยากร).
250 _aพิมพ์ครั้งที่ 1.
260 _aกรุงเทพฯ :
_b21 เซ็นจูรี่,
_c2554.
300 _a(3), 483 หน้า :
_bภาพประกอบ ;
_c24 ซม.
505 0 _aบทที่ 1 โลกกับวิกฤติการณ์ความขัดแย้งและความรุนแรง -- บทที่ 2 ความขัดแย้ง : แนวคิดและทฤษฎี -- บทที่ 3 ความขัดแย้ง : แนวคิดและทฤษฎีในพระพุทธศาสนา -- บทที่ 4 สันติภาพ : แนวคิด และทฤษฎี -- บทที่ 5 แนวคิดพื้นฐานเกี่ยวกับการจัดการความขัดแย้งโดยสันติวิธี -- บทที่ 6 สันติวิธี : แนวคิดและทฤษฎี -- บทที่ 7สันติวิธี : เครื่องมือจัดการความขัดแย้ง -- บทที่ 8 อธิกรณสมถะในฐานะเครื่องมือจัดการความขัดแย้งโดยพุทธสันติวิธี -- บทที่ 9 การจัดการความขัดแย้งโดยพุทธสันติวิธีในพระไตรปิฎก -- บทที่ 10 การบูรณาการพุทธสันติวิธีจัดการความขัดแย้งในสถานการณ์ปัจจุบัน -- บทที่ 11 สรุป : มนุษยชาติจะอยู่ร่วมกันอย่างสันติได้อย่างไร.
650 4 _aการบริหารความขัดแย้ง
_xแง่ศาสนา
_xพุทธศาสนา
_938720
650 4 _aพุทธศาสนากับสังคม
_916344
650 4 _aความขัดแย้งทางสังคม
_xแง่ศาสนา
_957932
850 _aNALT
942 _2lcc
_cGB
996 _akornsiririn.r
_bCATSTF
_c2024-07-18
999 _c105548
_d105548
998 _j3099
_k พรวิทู โค้วคชาภรณ์